Paulo Freire
Saved in:
| Hovedforfatter: | |
|---|---|
| Format: | Bog |
| Sprog: | engelsk |
| Udgivet: |
Bloomsbury Academic
2014
|
| Tags: |
Tilføj Tag
Ingen Tags, Vær først til at tagge denne postø!
|
MARC
| LEADER | 00000nam a22000007a 4500 | ||
|---|---|---|---|
| 008 | 210713b ||||| |||| 00| 0 eng d | ||
| 020 | |a 9781472518859 | ||
| 100 | |a SCHUGURENSKY, Daniel | ||
| 245 | |a Paulo Freire |c Daniel Schugurensky |e (Continuum library of education thought) |g viii, 252p. | ||
| 260 | |b Bloomsbury Academic |c 2014 |h London |i 696467 |i 696468 |l LB880.F732.Sch8 |m Freire, Paulo, 1921-1997--Criticism and interpretation |m Education-Philosophy |m Criticism pedagogy |m Post modernism and education | ||
| 500 | |a It includes index and references | ||
| 942 | |a lcc |c BK |e Kuteyi M. A. |f 13/7/21 | ||
| 952 | |0 0 |1 0 |2 lcc |4 0 |7 0 |9 2786 |a HOL |b HOL |c LP |d 2021-07-13 |l 0 |o LB880.F732.Sch8 |p 2021-6646 |r 2021-07-13 00:00:00 |w 2021-07-13 |y BK | ||
| 952 | |0 0 |1 0 |2 lcc |4 0 |7 0 |9 2787 |a HOL |b ED |c LP |d 2021-07-13 |l 0 |o LB880.F732.Sch8 |p 2021-6647 |r 2021-07-13 00:00:00 |w 2021-07-13 |y BK | ||
| 999 | |c 1450 |d 1450 | ||